Geometry Dash - Extreme Demons Starting with X (Pre-2.2) - Statistics

General Stats
  • This quiz has been taken 306 times
    27 since last reset
  • The average score is 4 of 7
Answer Stats
Publisher Answer % Correct
Mulpan X0
100%
KrmaL xo
100%
awesomeme360 XxXxXxXxXxX
50%
Zisthik Xenolith
36%
zJinoBeats Xronier
29%
Akunakunn xuser morelike luser
21%
GeoNorwaY Xeriscape
14%
No matching quizzes found
Score Distribution
Percent of People with Each Score
Percentile by Number Answered
Your Score History
You have not taken this quiz since the last reset